| 000 | 00629nam a2200181 4500 | ||
|---|---|---|---|
| 001 | 105236 | ||
| 003 | ES-MaACL | ||
| 005 | 20230906183823.0 | ||
| 007 | t| | ||
| 008 | 060620s1954 sp af |||| | spa d | ||
| 080 | _a621.983/.984 | ||
| 100 | 1 |
_aLópez Navarro, Tomás. _973823 |
|
| 245 | 1 | 0 |
_aTroquelado y estampación _b: con aplicaciones al punzonado, doblado, embutición y extrusión / _cTomás López Navarro. |
| 260 |
_aBarcelona : _bGustavo Gili, _c1954 ( _fSociedad Alianza de Artes Gráficas) |
||
| 300 |
_a289 p., lám. I-XIV : _bil. ; _c27 cm. |
||
| 650 | 0 | 4 |
_aMetales- _xTrabajo. _915015 |
| 852 |
_aES-MaACL _jC-8603 |
||
| 999 |
_c105236 _d105236 |
||